Normal view
MARC view
- الزعبي، عوض أحمد
Entry Personal Name
001 - CONTROL NUMBER
- control field: 46461
003 - CONTROL NUMBER IDENTIFIER
- control field: JO-AjAnu
005 - DATE AND TIME OF LATEST TRANSACTION
- control field: 20230606081658.0
008 - FIXED-LENGTH DATA ELEMENTS
- fixed length control field: 230606|| aca||aabn | a|a d
040 ## - CATALOGING SOURCE
- Original cataloging agency: JO-AjAnu
- Transcribing agency: JO-AjAnu
100 ## - HEADING--PERSONAL NAME
- Personal name: الزعبي، عوض أحمد
670 ## - SOURCE DATA FOUND
- Source citation: Work cat.: (JO-AjAnu)23782: الزعبي، عوض أحمد , author, أصول المحاكمات المدنية التنظيم القضائي : الاختصاص، التقاضي ، الأحكام وطرق الطعن " دراسة مقارنة " / الجزء الثاني ، التقاضي ، الأحكام وطرق الطعن